| 000 | 00803nam a2200217 i 4500 | ||
|---|---|---|---|
| 001 | 75927 | ||
| 003 | ES-MaACL | ||
| 005 | 20230906172645.0 | ||
| 007 | t| | ||
| 008 | 040928s1979 sp ||||1| spa d | ||
| 100 | 1 |
_aGray, Alexander. _959790 |
|
| 245 | 1 | 0 |
_aElectrotecnia _b: fundamentos teóricos y aplicaciones prácticas / _cAlexander Gray y G.A. Wallace ; adaptación por Rafael Cano Marín y José Cruz Almeida ; [sobre la traducción de Albino Yusta Almarza]. |
| 250 | _a[4ª ed.], 3ª reimp. | ||
| 260 |
_a[Madrid] : _bAguilar, _c1979. |
||
| 300 |
_aXIX, 696 p. : _bil. ; _c22 cm. |
||
| 700 | 1 |
_aWallace, G. A. _9115947 |
|
| 700 | 1 |
_aYusta Almarza, Albino. _9117753 |
|
| 700 | 1 |
_aCano Marín, Rafael. _934558 |
|
| 700 | 1 |
_aCruz Almeida, José. _941813 |
|
| 852 |
_aES-MaACL _jA-10331 _bR.99606 |
||
| 999 |
_c75927 _d75927 |
||